[Event "10th Sigeman & Co"]
[Site "Malmo SWE"]
[Date "2002.06.06"]
[Round "1"]
[White "Berg, Emanuel"]
[Black "Luther, Thomas"]
[Result "1/2-1/2"]
[WhiteElo "2514"]
[BlackElo "2566"]
[EventDate "2002.06.06"]
[PlyCount "172"]

1.e4 Nf6 2.e5 Nd5 3.c4 Nb6 4.d4 d6 5.exd6 exd6 6.Nc3 Be7 7.Qf3 Nc6 8.Be3 
O-O 9.O-O-O f5 10.c5 f4 11.cxb6 fxe3 12.bxc7 Qxc7 13.Qd5+ Kh8 14.fxe3 Bf5 
15.Nf3 Nb4 16.Qc4 Qxc4 17.Bxc4 Rac8 18.Be2 Nxa2+ 19.Kd2 Nb4 20.e4 Bd7 21.
h3 a6 22.Ra1 Bf6 23.Ra3 g6 24.Rha1 Nc6 25.Ke3 Rce8 26.Bd3 Bg7 27.d5 Bh6+ 
28.Kf2 Ne5 29.Be2 Bc8 30.Rb3 Nd7 31.Rb4 Nc5 32.Rd1 Bg7 33.Bd3 b5 34.Bc2 
Bd7 35.Ra1 Ra8 36.Ra5 Nb7 37.Ra2 a5 38.Rxb5 Bxb5 39.Nxb5 Rac8 40.Bd3 Rc1 
41.Ke2 Rb8 42.Ng5 Kg8 43.Ne6 Be5 44.b3 Rbc8 45.Bc4 Ra1 46.Rxa1 Bxa1 47.Na7
Ra8 48.Nc6 Kf7 49.Bb5 Kf6 50.Kd3 h5 51.Kc4 g5 52.Ba4 g4 53.hxg4 hxg4 54.
Kb5 Rh8 55.Kb6 Rh7 56.Nc7 Nc5 57.Ne8+ Kg5 58.Nxd6 Nd7+ 59.Kxa5 Kf4 60.b4 
Rh2 61.Nd8 Nf6 62.Ne6+ Ke5 63.Nf7+ Kxe4 64.d6 Kf5 65.d7 Nxd7 66.Bxd7 Kf6 
67.Nf4 Kxf7 68.Bxg4 Be5 69.g3 Rb2 70.Bh5+ Kf6 71.Kb5 Rb1 72.Nd5+ Ke6 73.
Nf4+ Kd6 74.Ne2 Ke7 75.Nf4 Bd6 76.Nd3 Bxg3 77.Nc5 Be1 78.Na6 Kd6 79.Bg6 
Rb2 80.Bf7 Rf2 81.Bc4 Rf5+ 82.Nc5 Bf2 83.Bd3 Rh5 84.Be2 Rh4 85.Bd3 Be1 86.
Bc4 Rg4 1/2-1/2

[Event "10th Sigeman & Co"]
[Site "Malmo SWE"]
[Date "2002.06.06"]
[Round "1"]
[White "Stefansson, Hannes Hlifar"]
[Black "Hector, Jonny"]
[Result "0-1"]
[WhiteElo "2598"]
[BlackElo "2513"]
[EventDate "2002.06.06"]
[PlyCount "44"]

1.e4 e5 2.Nf3 Nc6 3.Bb5 a6 4.Ba4 Nf6 5.O-O Be7 6.Re1 b5 7.Bb3 Bb7 8.d4 
Nxd4 9.Nxd4 exd4 10.e5 Ne4 11.Qf3 O-O 12.Rxe4 c5 13.c4 f5 14.exf6 Bxf6 15.
Nd2 Kh8 16.Bc2 bxc4 17.Nxc4 d5 18.Re2 dxc4 19.Qxb7 d3 20.Qe4 Re8 21.Qxc4 
dxe2 22.Be3 Rxe3 0-1

[Event "10th Sigeman & Co"]
[Site "Malmo SWE"]
[Date "2002.06.06"]
[Round "1"]
[White "Timman, Jan"]
[Black "Wedberg, Tom"]
[Result "1/2-1/2"]
[WhiteElo "2616"]
[BlackElo "2540"]
[EventDate "2002.06.06"]
[PlyCount "70"]

1.d4 Nf6 2.c4 e6 3.Nf3 c5 4.d5 d6 5.Nc3 exd5 6.cxd5 g6 7.e4 a6 8.a4 Bg4 9.
Be2 Bxf3 10.Bxf3 Nbd7 11.O-O Bg7 12.Bg5 O-O 13.Qd2 Qc7 14.Qf4 h5 15.Rfe1 
Nh7 16.Be7 Be5 17.Qd2 Rfe8 18.Bh4 c4 19.Bd1 Nc5 20.Bc2 Qb6 21.Rab1 Rac8 
22.Qe3 Qa5 23.f4 Bg7 24.e5 dxe5 25.f5 e4 26.fxg6 fxg6 27.d6 g5 28.Bxg5 
Nxg5 29.Qxg5 Re5 30.Qg6 Re6 31.d7 Rf8 32.Qxh5 Nd3 33.Qxa5 Bd4+ 34.Kh1 Nf2+
35.Kg1 Nh3+ 1/2-1/2

[Event "10th Sigeman & Co"]
[Site "Malmo SWE"]
[Date "2002.06.07"]
[Round "2"]
[White "Hector, Jonny"]
[Black "Johannessen, Leif Erlend"]
[Result "1-0"]
[WhiteElo "2513"]
[BlackElo "2452"]
[EventDate "2002.06.06"]
[PlyCount "69"]

1.e4 e5 2.Nc3 Nf6 3.Nf3 Nc6 4.g3 d5 5.exd5 Nxd5 6.Bg2 Nxc3 7.bxc3 Bd6 8.
O-O O-O 9.Rb1 Rb8 10.d4 h6 11.Re1 Qf6 12.Nd2 Bf5 13.Ne4 Qg6 14.d5 Na5 15.
h4 Bxe4 16.Rxe4 f5 17.h5 Qf6 18.Ra4 b6 19.Qe2 Rbe8 20.Bd2 e4 21.Be3 Re7 
22.c4 c5 23.dxc6 Nxc6 24.c5 bxc5 25.Ra6 Nb4 26.Qc4+ Rff7 27.Rxd6 Qxd6 28.
Bxc5 Qc6 29.Rxb4 Rc7 30.Rb8+ Kh7 31.Qb5 g6 32.Bd4 gxh5 33.Rh8+ Kg6 34.Rg8+
Kh7 35.Qe5 1-0

[Event "10th Sigeman & Co"]
[Site "Malmo SWE"]
[Date "2002.06.07"]
[Round "2"]
[White "Luther, Thomas"]
[Black "Short, Nigel David"]
[Result "1/2-1/2"]
[WhiteElo "2566"]
[BlackElo "2673"]
[EventDate "2002.06.06"]
[PlyCount "52"]

1.e4 e5 2.Nf3 Nc6 3.Bb5 a6 4.Ba4 Nf6 5.O-O Be7 6.Re1 d6 7.Bxc6+ bxc6 8.d4 
exd4 9.Nxd4 Bd7 10.Nc3 O-O 11.Bf4 g6 12.h3 Re8 13.Qd3 d5 14.Rad1 c5 15.Nf5
Bxf5 16.exf5 c6 17.b3 Bf8 18.fxg6 Rxe1+ 19.Rxe1 hxg6 20.Bg5 Qd6 21.Bxf6 
Qxf6 22.Na4 Qd4 23.Kf1 Qb4 24.g3 c4 25.Qf3 Bg7 26.h4 Rf8 1/2-1/2

[Event "10th Sigeman & Co"]
[Site "Malmo SWE"]
[Date "2002.06.07"]
[Round "2"]
[White "Nielsen, Peter Heine"]
[Black "Stefansson, Hannes Hlifar"]
[Result "1-0"]
[WhiteElo "2636"]
[BlackElo "2598"]
[EventDate "2002.06.06"]
[PlyCount "77"]

1.d4 Nf6 2.c4 e6 3.Nf3 b6 4.g3 Ba6 5.b3 Bb4+ 6.Bd2 Be7 7.Bg2 c6 8.O-O d5 
9.Qc2 O-O 10.Rd1 Nbd7 11.Bf4 Rc8 12.Nc3 Nh5 13.Bc1 f5 14.a4 Bb4 15.a5 bxa5
16.c5 Qc7 17.Bd2 Qb8 18.e3 e5 19.dxe5 Nxe5 20.Nxe5 Qxe5 21.Na2 Bxd2 22.
Qxd2 a4 23.Nc3 Qb8 24.Rxa4 Bb5 25.Nxb5 Qxb5 26.Qc2 Rf7 27.Rda1 Qb8 28.b4 
g6 29.Rb1 Nf6 30.Ra6 Ne4 31.Bxe4 fxe4 32.Qa4 Qb7 33.b5 cxb5 34.Rxb5 Qd7 
35.Rd6 Qf5 36.Qa2 Rd7 37.Qb2 Rcd8 38.Rb7 Qf3 39.h3 1-0

[Event "10th Sigeman & Co"]
[Site "Malmo SWE"]
[Date "2002.06.08"]
[Round "3"]
[White "Epishin, Vladimir"]
[Black "Berg, Emanuel"]
[Result "1/2-1/2"]
[WhiteElo "2606"]
[BlackElo "2514"]
[EventDate "2002.06.06"]
[PlyCount "89"]

1.d4 e6 2.c4 Nf6 3.Nc3 Bb4 4.e3 b6 5.Ne2 Ba6 6.Ng3 Bxc3+ 7.bxc3 d5 8.Ba3 
Bxc4 9.Bxc4 dxc4 10.e4 Qd7 11.O-O Qb5 12.Rb1 Qa6 13.Qc1 Nbd7 14.Rd1 O-O-O 
15.f3 Rhe8 16.Nf1 Nb8 17.Ne3 Nc6 18.Rd2 Qa4 19.Bb4 a5 20.Ba3 Rd7 21.Bb2 
Red8 22.Ba1 b5 23.Qc2 Qxc2 24.Rxc2 Na7 25.a4 c6 26.Ra2 Rb7 27.axb5 cxb5 
28.Rxa5 Kc7 29.Nc2 Rdb8 30.Na3 Ne8 31.Ra6 Nc6 32.Nc2 Rb6 33.Rxb6 Kxb6 34.
Bb2 Na5 35.Bc1 Nb3 36.Be3 Ra8 37.d5+ Kc7 38.Nd4 Nxd4 39.Bxd4 exd5 40.Rxb5 
dxe4 41.fxe4 Nd6 42.Re5 Kd7 43.Rd5 Kc6 44.Re5 Kd7 45.Rd5 1/2-1/2

[Event "10th Sigeman & Co"]
[Site "Malmo SWE"]
[Date "2002.06.08"]
[Round "3"]
[White "Johannessen, Leif Erlend"]
[Black "Nielsen, Peter Heine"]
[Result "1/2-1/2"]
[WhiteElo "2452"]
[BlackElo "2636"]
[EventDate "2002.06.06"]
[PlyCount "44"]

1.d4 Nf6 2.c4 e6 3.Nc3 Bb4 4.e3 O-O 5.Bd3 c5 6.Nf3 d5 7.O-O cxd4 8.exd4 
dxc4 9.Bxc4 b6 10.Bg5 Bb7 11.Qe2 Nbd7 12.Ne5 Bxc3 13.bxc3 Qc7 14.Nxd7 Nxd7
15.Rac1 Qc6 16.f3 Rac8 17.Bd3 Qd6 18.Rfd1 Rfe8 19.Qe3 Nf8 20.Bb5 Bc6 21.
Ba6 Ra8 22.c4 Ng6 1/2-1/2

[Event "10th Sigeman & Co"]
[Site "Malmo SWE"]
[Date "2002.06.08"]
[Round "3"]
[White "Stefansson, Hannes Hlifar"]
[Black "Wedberg, Tom"]
[Result "1/2-1/2"]
[WhiteElo "2598"]
[BlackElo "2540"]
[EventDate "2002.06.06"]
[PlyCount "55"]

1.e4 e5 2.Nf3 Nc6 3.Bb5 a6 4.Ba4 Nf6 5.O-O Be7 6.Re1 b5 7.Bb3 d6 8.c3 O-O 
9.h3 Na5 10.Bc2 c5 11.d4 Nd7 12.Nbd2 exd4 13.cxd4 Nc6 14.Nf1 cxd4 15.Nxd4 
Nxd4 16.Qxd4 Ne5 17.Qd1 Bf6 18.Ne3 Nc4 19.Rb1 Nxe3 20.Bxe3 Be6 21.Bb3 Qe7 
22.Bd4 Be5 23.Qd3 Rac8 24.Rbd1 Bc4 25.Qe3 Bxb3 26.axb3 Rc2 27.Qd3 Rc6 28.
Re2 1/2-1/2

[Event "10th Sigeman & Co"]
[Site "Malmo SWE"]
[Date "2002.06.08"]
[Round "3"]
[White "Timman, Jan"]
[Black "Luther, Thomas"]
[Result "1/2-1/2"]
[WhiteElo "2616"]
[BlackElo "2566"]
[EventDate "2002.06.06"]
[PlyCount "34"]

1.e4 Nf6 2.e5 Nd5 3.d4 d6 4.Nf3 dxe5 5.Nxe5 c6 6.c4 Nb4 7.Be3 Bf5 8.Nd3 e5
9.Nxb4 Bxb4+ 10.Nc3 O-O 11.dxe5 Nd7 12.Be2 Nxe5 13.O-O Qc7 14.Qb3 Bxc3 15.
Qxc3 Ng4 16.Bxg4 Bxg4 17.h3 Be6 1/2-1/2

[Event "10th Sigeman & Co"]
[Site "Malmo SWE"]
[Date "2002.06.09"]
[Round "4"]
[White "Luther, Thomas"]
[Black "Hector, Jonny"]
[Result "1-0"]
[WhiteElo "2566"]
[BlackElo "2513"]
[EventDate "2002.06.06"]
[PlyCount "45"]

1.d4 d5 2.c4 c6 3.e3 Bf5 4.Nc3 e6 5.Nf3 Nd7 6.Bd3 Bxd3 7.Qxd3 Ngf6 8.O-O 
Be7 9.e4 dxe4 10.Nxe4 O-O 11.Bf4 Nh5 12.Be3 Qa5 13.Nc3 Rad8 14.Qe2 Nhf6 
15.Rad1 Bd6 16.h3 e5 17.d5 cxd5 18.Nxd5 e4 19.Nh4 Qxa2 20.Nxf6+ Nxf6 21.
Bd4 Bb8 22.Bxf6 Rxd1 23.Rxd1 1-0

[Event "10th Sigeman & Co"]
[Site "Malmo SWE"]
[Date "2002.06.09"]
[Round "4"]
[White "Nielsen, Peter Heine"]
[Black "Short, Nigel David"]
[Result "1/2-1/2"]
[WhiteElo "2636"]
[BlackElo "2673"]
[EventDate "2002.06.06"]
[PlyCount "32"]

1.d4 Nf6 2.c4 e6 3.g3 d5 4.Nf3 dxc4 5.Bg2 Bb4+ 6.Bd2 a5 7.a3 Bxd2+ 8.Nbxd2
b5 9.a4 c6 10.O-O O-O 11.Qc2 Na6 12.b3 Nb4 13.Qb2 cxb3 14.Nxb3 Ba6 15.axb5
Bxb5 16.Nxa5 Rxa5 1/2-1/2

[Event "10th Sigeman & Co"]
[Site "Malmo SWE"]
[Date "2002.06.10"]
[Round "5"]
[White "Epishin, Vladimir"]
[Black "Luther, Thomas"]
[Result "1-0"]
[WhiteElo "2606"]
[BlackElo "2566"]
[EventDate "2002.06.06"]
[PlyCount "83"]

1.d4 e6 2.c4 Nf6 3.Nf3 d5 4.Nc3 Bb4 5.cxd5 exd5 6.Bg5 h6 7.Bxf6 Qxf6 8.g3 
c6 9.Bg2 O-O 10.O-O Re8 11.Ne5 Nd7 12.f4 Qe7 13.e4 dxe4 14.Nxe4 Nf6 15.
Nxf6+ gxf6 16.a3 fxe5 17.axb4 exd4 18.Qxd4 Qe3+ 19.Qxe3 Rxe3 20.f5 Re5 21.
g4 Bd7 22.Rad1 Be8 23.Rd6 a5 24.Rxh6 axb4 25.f6 c5 26.Rf3 Rg5 27.Rfh3 Kf8 
28.Rh8+ Rg8 29.Be4 Ra1+ 30.Kf2 Ra2 31.Ke3 Rxb2 32.R3h7 c4 33.g5 Rb3+ 34.
Kd4 b5 35.h4 Rg3 36.Rxg8+ Kxg8 37.Rg7+ Kh8 38.g6 fxg6 39.Re7 Bc6 40.Bxc6 
b3 41.Re8+ Kh7 42.f7 1-0

[Event "10th Sigeman & Co"]
[Site "Malmo SWE"]
[Date "2002.06.10"]
[Round "5"]
[White "Short, Nigel David"]
[Black "Wedberg, Tom"]
[Result "1-0"]
[WhiteElo "2673"]
[BlackElo "2540"]
[EventDate "2002.06.06"]
[PlyCount "81"]

1.e4 e5 2.Nf3 Nc6 3.Bc4 Nf6 4.Ng5 d5 5.exd5 Na5 6.Bb5+ c6 7.dxc6 bxc6 8.
Be2 h6 9.Nh3 Bd6 10.d3 O-O 11.Nc3 Nd5 12.O-O Rb8 13.Kh1 Nxc3 14.bxc3 Be6 
15.f4 Bxh3 16.gxh3 exf4 17.Bxf4 c5 18.Qd2 Rb6 19.Be3 Qh4 20.Bg4 Kh7 21.Rf5
Qe7 22.Rg1 Re8 23.Bxh6 g6 24.Bg5 Qb7+ 25.Bf3 Qd7 26.Rd5 Qe6 27.h4 Reb8 28.
h5 Rb1 29.hxg6+ fxg6 30.Be3 Nc6 31.Rg5 Rxg1+ 32.Rxg1 Ne5 33.Be4 Qh3 34.Qe2
Rf8 35.d4 Qh4 36.Bg5 Rf2 37.Bxh4 Rxe2 38.dxe5 Bxe5 39.Bxg6+ Kh6 40.Bg3 
Bxg3 41.Rxg3 1-0

[Event "10th Sigeman & Co"]
[Site "Malmo SWE"]
[Date "2002.06.10"]
[Round "5"]
[White "Stefansson, Hannes Hlifar"]
[Black "Timman, Jan"]
[Result "0-1"]
[WhiteElo "2598"]
[BlackElo "2616"]
[EventDate "2002.06.06"]
[PlyCount "48"]

1.e4 e5 2.Nf3 Nf6 3.Nxe5 d6 4.Nf3 Nxe4 5.d4 d5 6.Bd3 Bd6 7.O-O O-O 8.c4 c6
9.Re1 Bg4 10.Nc3 f5 11.Be3 f4 12.Bc1 Ng5 13.Be2 Bxf3 14.Bxf3 Nxf3+ 15.Qxf3
dxc4 16.Qe2 b5 17.a4 f3 18.Qe6+ Kh8 19.g3 Na6 20.axb5 Nb4 21.Re4 Nc2 22.
Ra6 Nxd4 23.Qxc4 Bc5 24.Re1 Qc8 0-1

[Event "10th Sigeman & Co"]
[Site "Malmo SWE"]
[Date "2002.06.11"]
[Round "6"]
[White "Epishin, Vladimir"]
[Black "Stefansson, Hannes Hlifar"]
[Result "1-0"]
[WhiteElo "2606"]
[BlackElo "2598"]
[EventDate "2002.06.06"]
[PlyCount "98"]

1.d4 Nf6 2.c4 e6 3.Nf3 b6 4.g3 Ba6 5.b3 Bb4+ 6.Bd2 Be7 7.Nc3 O-O 8.e4 d5 
9.cxd5 Bxf1 10.Kxf1 exd5 11.e5 Ne4 12.Kg2 Qd7 13.Re1 Nxc3 14.Bxc3 c5 15.e6
fxe6 16.Qe2 Bf6 17.Qxe6+ Qxe6 18.Rxe6 Na6 19.Re3 Rfd8 20.Rd1 Rac8 21.g4 
Rd7 22.g5 Be7 23.dxc5 bxc5 24.Re6 Nc7 25.Rc6 Bd6 26.Be5 Bxe5 27.Nxe5 Re7 
28.Nd3 c4 29.bxc4 dxc4 30.Nf4 Rf8 31.Rxc4 Ne6 32.Nxe6 Rxe6 33.f4 h6 34.h4 
Rfe8 35.Kf3 h5 36.Rc3 Kh7 37.Rd7 Re1 38.Rxa7 Rf1+ 39.Kg3 Rg1+ 40.Kf2 Rg4 
41.f5 Kh8 42.g6 Rf4+ 43.Rf3 Rxh4 44.a4 Kg8 45.a5 Ra4 46.a6 h4 47.Re3 Rf8 
48.Ree7 Rf4+ 49.Ke3 R8xf5 1-0

[Event "10th Sigeman & Co"]
[Site "Malmo SWE"]
[Date "2002.06.11"]
[Round "6"]
[White "Luther, Thomas"]
[Black "Nielsen, Peter Heine"]
[Result "1/2-1/2"]
[WhiteElo "2566"]
[BlackElo "2636"]
[EventDate "2002.06.06"]
[PlyCount "50"]

1.e4 c5 2.Nf3 d6 3.d4 cxd4 4.Nxd4 Nf6 5.Nc3 a6 6.Bg5 e6 7.f4 Qc7 8.Qf3 
Nbd7 9.O-O-O b5 10.Bd3 Bb7 11.Rhe1 Be7 12.Qg3 b4 13.Nd5 exd5 14.e5 dxe5 
15.fxe5 Nh5 16.Qh4 Bxg5+ 17.Qxg5 g6 18.e6 Nc5 19.exf7+ Kxf7 20.Rf1+ Kg8 
21.Nf5 Ne6 22.Nh6+ Kg7 23.Nf5+ Kg8 24.Nh6+ Kg7 25.Nf5+ Kg8 1/2-1/2

[Event "10th Sigeman & Co"]
[Site "Malmo SWE"]
[Date "2002.06.12"]
[Round "7"]
[White "Hector, Jonny"]
[Black "Berg, Emanuel"]
[Result "1/2-1/2"]
[WhiteElo "2513"]
[BlackElo "2514"]
[EventDate "2002.06.06"]
[PlyCount "205"]

1.e4 e6 2.d4 d5 3.Nc3 Bb4 4.Ne2 Nf6 5.e5 Nfd7 6.f4 b6 7.g3 Bb7 8.Bg2 g6 9.
Be3 h5 10.Qd2 Be7 11.O-O-O Nc6 12.h3 Na5 13.b3 Bb4 14.Kb1 Ba6 15.Bf3 c5 
16.Qc1 c4 17.Qb2 b5 18.a3 Bxa3 19.Qxa3 b4 20.Qxb4 Rb8 21.Qa4 cxb3 22.cxb3 
Rxb3+ 23.Kc2 Qc7 24.Ra1 Bxe2 25.Qxa5 Qxa5 26.Rxa5 Bxf3 27.Kxb3 Bxh1 28.
Rxa7 Nb8 29.Nb5 O-O 30.Rc7 Na6 31.Re7 Bg2 32.Ka4 Bxh3 33.Bc1 g5 34.fxg5 
Kg7 35.Ka5 Bf1 36.Nd6 Kg6 37.Rb7 Nb8 38.Kb6 Na6 39.Ka7 Kg7 40.Bd2 Kg6 41.
Rb1 Bd3 42.Rb3 Bc4 43.Nxc4 dxc4 44.Rb7 c3 45.Bxc3 Rc8 46.Ba5 Rc6 47.Rd7 
Nc5 48.dxc5 Rxc5 49.Bc7 Rd5 50.Re7 Rd3 51.Re8 Rxg3 52.Bd8 h4 53.Rh8 h3 54.
Bf6 Kf5 55.Rh4 Rb3 56.Ka6 Rg3 57.Kb5 Rf3 58.Kc6 Rd3 59.Kc5 Kg6 60.Kc6 Kf5 
61.Kc7 Kg6 62.Be7 Kf5 63.Rh7 Kxe5 64.Rxf7 h2 65.Rh7 Rd2 66.Rh6 Kf5 67.g6 
Rg2 68.Kd6 Rxg6 69.Rxh2 Ke4 70.Rh4+ Kf5 71.Rh5+ Ke4 72.Re5+ Kd4 73.Bd8 Kd3
74.Bb6 Kc4 75.Re4+ Kd3 76.Re3+ Kc4 77.Re5 Rh6 78.Kc6 Rg6 79.Bc5 Rh6 80.Re3
e5+ 81.Bd6 Re6 82.Kd7 Kd4 83.Bc5+ Kd5 84.Rd3+ Kc4 85.Rd1 Rg6 86.Bf2 Ra6 
87.Ke7 Rg6 88.Kf7 Ra6 89.Rd8 Rc6 90.Bg3 e4 91.Bf2 Kc3 92.Rd5 Ra6 93.Rd7 
Ra2 94.Bd4+ Kd3 95.Ke6 e3 96.Ke5 Ra5+ 97.Kf4 Ra4 98.Ke5 Ra5+ 99.Ke6 Ke4 
100.Bc3 Ra6+ 101.Kf7 Rc6 102.Bb4 e2 103.Re7+ 1/2-1/2

[Event "10th Sigeman & Co"]
[Site "Malmo SWE"]
[Date "2002.06.12"]
[Round "7"]
[White "Johannessen, Leif Erlend"]
[Black "Epishin, Vladimir"]
[Result "1-0"]
[WhiteElo "2452"]
[BlackElo "2606"]
[EventDate "2002.06.06"]
[PlyCount "79"]

1.d4 Nf6 2.c4 e6 3.Nc3 Bb4 4.e3 c5 5.Bd3 d5 6.Nf3 cxd4 7.exd4 dxc4 8.Bxc4 
Qc7 9.Qe2 O-O 10.O-O Bxc3 11.bxc3 Nbd7 12.Ba3 Re8 13.Rac1 a6 14.Ne5 b5 15.
Bd3 Bb7 16.f4 Rad8 17.c4 Qb6 18.c5 Qa5 19.Bb2 Bd5 20.c6 Nb6 21.f5 Nc4 22.
fxe6 Rxe6 23.Qf2 Bxc6 24.Nxc6 Rxc6 25.d5 Nxb2 26.Bxh7+ Kxh7 27.dxc6 Nc4 
28.Qf5+ Kg8 29.Rxc4 Qc7 30.Rc2 Rd6 31.Rfc1 b4 32.Qc5 Ng4 33.g3 a5 34.Re2 
Nf6 35.Qxd6 Qxd6 36.c7 Qb6+ 37.Kf1 g6 38.c8=Q+ Kg7 39.Qc5 Qb7 40.Qc6 1-0

[Event "10th Sigeman & Co"]
[Site "Malmo SWE"]
[Date "2002.06.12"]
[Round "7"]
[White "Stefansson, Hannes Hlifar"]
[Black "Luther, Thomas"]
[Result "1/2-1/2"]
[WhiteElo "2598"]
[BlackElo "2566"]
[EventDate "2002.06.06"]
[PlyCount "89"]

1.e4 Nf6 2.e5 Nd5 3.d4 d6 4.Nf3 dxe5 5.Nxe5 c6 6.Bc4 Bf5 7.Nd2 Nd7 8.Ndf3 
Nxe5 9.Nxe5 e6 10.O-O Bd6 11.Re1 O-O 12.c3 Qc7 13.Qe2 Rad8 14.a3 Rfe8 15.
a4 c5 16.Nf3 Be7 17.Bd2 Bf6 18.Ne5 a6 19.a5 h6 20.Bb3 Ne7 21.g4 Bg6 22.Ba4
Rf8 23.Bf4 Nd5 24.Bg3 Bxe5 25.Qxe5 Qxa5 26.Bc2 Qb5 27.Bxg6 fxg6 28.dxc5 
Qxc5 29.Qxe6+ Kh7 30.Qe4 Rd7 31.Rad1 Rfd8 32.Qf3 Rf8 33.Qe4 b5 34.Rf1 a5 
35.Rd4 Nf6 36.Qe5 Qc6 37.Rxd7 Qxd7 38.Qd6 Qc8 39.Re1 Qa8 40.Qc5 Rd8 41.Be5
Nd7 42.Qxb5 Nxe5 43.Qxe5 Rd2 44.Qe4 Qxe4 45.Rxe4 1/2-1/2

[Event "10th Sigeman & Co"]
[Site "Malmo SWE"]
[Date "2002.06.13"]
[Round "8"]
[White "Berg, Emanuel"]
[Black "Nielsen, Peter Heine"]
[Result "1/2-1/2"]
[WhiteElo "2514"]
[BlackElo "2636"]
[EventDate "2002.06.06"]
[PlyCount "94"]

1.e4 c6 2.d4 d5 3.Nc3 dxe4 4.Nxe4 Bf5 5.Ng3 Bg6 6.h4 h6 7.Nf3 Nd7 8.h5 Bh7
9.Bd3 Bxd3 10.Qxd3 e6 11.Bf4 Bb4+ 12.c3 Be7 13.O-O-O Ngf6 14.Kb1 O-O 15.
Ne4 c5 16.dxc5 Nxc5 17.Nxf6+ Bxf6 18.Qc4 Qc8 19.Bd6 Nd7 20.Qf4 Rd8 21.g4 
Nf8 22.g5 hxg5 23.Nxg5 Bxg5 24.Qxg5 f6 25.Qg3 e5 26.h6 Qf5+ 27.Ka1 g5 28.
Qg2 e4 29.c4 Rac8 30.Rd5 Qe6 31.Bxf8 Kxf8 32.h7 Kg7 33.Rhd1 Rxd5 34.cxd5 
Qf5 35.d6 Qf3 36.Qg1 Rd8 37.a3 Kxh7 38.Qh2+ Kg6 39.Rh1 Rd7 40.Qh8 Kf5 41.
Rc1 Rxd6 42.Qh7+ Ke6 43.Ka2 Qd3 44.Rc5 Rc6 45.Qf5+ Ke7 46.Rd5 Qc4+ 47.Ka1 
Qc1+ 1/2-1/2

[Event "10th Sigeman & Co"]
[Site "Malmo SWE"]
[Date "2002.06.13"]
[Round "8"]
[White "Luther, Thomas"]
[Black "Wedberg, Tom"]
[Result "1/2-1/2"]
[WhiteElo "2566"]
[BlackElo "2540"]
[EventDate "2002.06.06"]
[PlyCount "115"]

1.e4 e5 2.Nf3 Nc6 3.Nc3 Nf6 4.Bb5 Bb4 5.O-O O-O 6.d3 d6 7.Bg5 Bxc3 8.bxc3 
h6 9.Bh4 Kh8 10.d4 g5 11.dxe5 Nxe4 12.Bxc6 bxc6 13.Bg3 f5 14.exf6 Qxf6 15.
Re1 Bf5 16.h4 c5 17.Qc1 g4 18.Nd2 Nxc3 19.Kh2 Rae8 20.Qa3 Ne2 21.Nc4 Qc3 
22.Qxc3+ Nxc3 23.Nxd6 cxd6 24.Bxd6 Ne4 25.Bxf8 Rxf8 26.Re2 Rd8 27.Rae1 Rd4
28.Kg1 Kg7 29.f3 gxf3 30.gxf3 Nd6 31.Re7+ Kg6 32.Rxa7 Rd2 33.Ra6 Kh5 34.
Re5 Kxh4 35.Rxd6 Rxd6 36.Rxf5 Kg3 37.Kf1 c4 38.Ke2 c3 39.Ke3 Rd2 40.Rf6 h5
41.Rg6+ Kh4 42.a4 Rxc2 43.a5 Rd2 44.a6 Rd7 45.Rc6 Ra7 46.f4 Kg4 47.Rg6+ 
Kh3 48.Kd3 Rc7 49.Kc2 Rf7 50.Rg5 h4 51.f5 Kh2 52.Kxc3 h3 53.Kd4 Kh1 54.Ke5
h2 55.Kf4 Rc7 56.Rg6 Rc4+ 57.Kf3 Rf4+ 58.Kxf4 1/2-1/2

[Event "10th Sigeman & Co"]
[Site "Malmo SWE"]
[Date "2002.06.13"]
[Round "8"]
[White "Stefansson, Hannes Hlifar"]
[Black "Johannessen, Leif Erlend"]
[Result "1-0"]
[WhiteElo "2598"]
[BlackElo "2452"]
[EventDate "2002.06.06"]
[PlyCount "75"]

1.c4 e6 2.Nf3 Nf6 3.g3 d5 4.Bg2 Be7 5.O-O O-O 6.d4 c6 7.b3 b6 8.Bb2 Nbd7 
9.Qc2 Ba6 10.Rd1 Rc8 11.Nc3 dxc4 12.Ne5 Nxe5 13.dxe5 Nd5 14.Ne4 b5 15.Nd6 
Bxd6 16.exd6 f6 17.bxc4 bxc4 18.Bc3 f5 19.e4 fxe4 20.Bxe4 Kh8 21.Be5 Qg5 
22.Bb2 Rb8 23.Bd4 Rf7 24.Bxh7 e5 25.Bc5 Rb5 26.Rab1 Rfb7 27.Rxb5 Rxb5 28.
Rb1 Nf6 29.Bf5 e4 30.Rxb5 Qxf5 31.Rb8+ Kh7 32.Bd4 Nd7 33.Re8 c5 34.Ba1 c3 
35.Qxe4 Qxe4 36.Rxe4 c2 37.Bb2 Nb6 38.Re7 1-0

[Event "10th Sigeman & Co"]
[Site "Malmo SWE"]
[Date "2002.06.14"]
[Round "9"]
[White "Hector, Jonny"]
[Black "Epishin, Vladimir"]
[Result "1/2-1/2"]
[WhiteElo "2513"]
[BlackElo "2606"]
[EventDate "2002.06.06"]
[PlyCount "118"]

1.e4 c5 2.Nf3 e6 3.d4 cxd4 4.Nxd4 a6 5.Nc3 b5 6.Bd3 Qb6 7.Be3 Bc5 8.Be2 
Nc6 9.Nxc6 Qxc6 10.Qd3 b4 11.Bxc5 Qxc5 12.Na4 Qa5 13.b3 Nf6 14.O-O O-O 15.
Qd4 e5 16.Qe3 Bb7 17.Bd3 Rab8 18.f3 Rfc8 19.a3 bxa3 20.Rxa3 Bc6 21.Qc5 
Qxc5+ 22.Nxc5 Bb5 23.Nxa6 Bxd3 24.cxd3 Rb6 25.b4 h5 26.Rfa1 h4 27.R1a2 
Rc1+ 28.Kf2 g5 29.Ke3 g4 30.fxg4 Nxg4+ 31.Kd2 Rg1 32.h3 Nf6 33.Kc3 d6 34.
Rb2 Rc1+ 35.Kb3 d5 36.Rc2 Rxc2 37.Kxc2 dxe4 38.dxe4 Nxe4 39.Ra5 f6 40.Kb3 
Kf7 41.Kc4 Rd6 42.Nc5 Rd4+ 43.Kb3 Nd2+ 44.Kc3 Nb1+ 45.Kc2 Nd2 46.Ra7+ Kg6 
47.Rd7 Rxd7 48.Nxd7 Nc4 49.Kd3 Nd6 50.Nc5 Kf5 51.Ke3 Nc4+ 52.Kf3 Nd6 53.
g4+ hxg3 54.Kxg3 Nb5 55.h4 Nd4 56.Na4 e4 57.Nc3 e3 58.b5 e2 59.Kf2 Nxb5 
1/2-1/2

[Event "10th Sigeman & Co"]
[Site "Malmo SWE"]
[Date "2002.06.14"]
[Round "9"]
[White "Johannessen, Leif Erlend"]
[Black "Luther, Thomas"]
[Result "1-0"]
[WhiteElo "2452"]
[BlackElo "2566"]
[EventDate "2002.06.06"]
[PlyCount "85"]

1.d4 d5 2.c4 c6 3.Nf3 Nf6 4.Nc3 dxc4 5.a4 Bf5 6.Ne5 Nbd7 7.Nxc4 Nb6 8.Ne5 
a5 9.f3 Nfd7 10.Bf4 Nxe5 11.Bxe5 Bg6 12.e4 f6 13.Bg3 e6 14.Be2 Bb4 15.O-O 
O-O 16.Bf2 f5 17.Qb3 fxe4 18.Qxe6+ Kh8 19.fxe4 Qg5 20.Rfd1 Rae8 21.Qg4 
Qxg4 22.Bxg4 Bxe4 23.Nxe4 Rxe4 24.Bf3 Ree8 25.d5 Nxd5 26.Bxd5 cxd5 27.Rxd5
h6 28.Rd7 Rf5 29.Rc1 Re2 30.Bd4 Rg5 31.g3 Bd2 32.Rc8+ Kh7 33.Kh1 Be3 34.
Bc3 Bb6 35.Rxb7 Rg6 36.Rf8 h5 37.Rff7 h4 38.Rxg7+ Rxg7 39.Rxg7+ Kh6 40.
gxh4 Rc2 41.Rb7 Bd8 42.Rd7 Bxh4 43.Rd5 1-0

[Event "10th Sigeman & Co"]
[Site "Malmo SWE"]
[Date "2002.06.14"]
[Round "9"]
[White "Nielsen, Peter Heine"]
[Black "Timman, Jan"]
[Result "1-0"]
[WhiteElo "2636"]
[BlackElo "2616"]
[EventDate "2002.06.06"]
[PlyCount "45"]

1.d4 d5 2.c4 c6 3.Nf3 Nf6 4.Nc3 dxc4 5.a4 Bf5 6.Ne5 Nbd7 7.Nxc4 Nb6 8.Ne5 
a5 9.g3 Nfd7 10.Nxd7 Qxd7 11.e4 Bg4 12.f3 Bh3 13.Bxh3 Qxh3 14.Qb3 Ra6 15.
Be3 Qg2 16.O-O-O Qxf3 17.Rhe1 g6 18.d5 Bg7 19.Bxb6 O-O 20.Bd4 Bxd4 21.Rxd4
Qf2 22.Red1 Qxh2 23.Qxb7 1-0